| Tag |
First Indicator |
Second Indicator |
Subfields |
| LEADER |
00000cam a2200000 a 4500 |
| 001 |
in00001328421 |
| 005 |
20151005082000.0 |
| 008 |
970311s1997 nyua b 001 0 eng |
| 010 |
|
|
|a 97125676
|
| 020 |
|
|
|z 0007006080
|
| 020 |
|
|
|a 0070060800
|
| 035 |
|
|
|a (OCoLC)36547475
|
| 035 |
|
|
|9 AHD4570AM
|
| 040 |
|
|
|a DLC
|c DLC
|d TXA
|d UtOrBLW
|
| 049 |
|
|
|a TXAM
|
| 050 |
0 |
4 |
|a QA76.9.D3
|b B484 1997
|
| 082 |
0 |
0 |
|a 005.75/8
|2 21
|
| 100 |
1 |
|
|a Berson, Alex.
|
| 245 |
1 |
0 |
|a Sybase and client/server computing /
|c Alex Berson, George Anderson.
|
| 250 |
|
|
|a 2nd ed.
|
| 264 |
|
1 |
|a New York :
|b McGraw-Hill,
|c [1997]
|
| 264 |
|
4 |
|c ©1997
|
| 300 |
|
|
|a xxx, 891 pages :
|b illustrations ;
|c 24 cm.
|
| 336 |
|
|
|a text
|b txt
|2 rdacontent
|
| 337 |
|
|
|a unmediated
|b n
|2 rdamedia
|
| 338 |
|
|
|a volume
|b nc
|2 rdacarrier
|
| 490 |
1 |
|
|a McGraw-Hill series on client/server computing
|
| 500 |
|
|
|a "Featuring System II"--Cover.
|
| 504 |
|
|
|a Includes bibliographical references and index.
|
| 650 |
|
0 |
|a Relational databases.
|
| 630 |
0 |
0 |
|a Sybase.
|
| 650 |
|
0 |
|a Client/server computing.
|
| 700 |
1 |
|
|a Anderson, George W.
|
| 830 |
|
0 |
|a McGraw-Hill series on client/server computing.
|
| 999 |
|
|
|a MARS
|
| 999 |
f |
f |
|s 9efaa3c9-79f6-3875-a212-5ccea9238018
|i 96cc9a70-3b40-340e-b42d-07a8a0fd813b
|t 0
|
| 952 |
f |
f |
|p ric
|a Texas A&M University
|b Rellis Campus
|c Joint Library Facility
|d Remote Storage
|t 0
|e QA76.9.D3 B484 1997
|h Library of Congress classification
|i unmediated -- volume
|m A14821080567
|
| 998 |
f |
f |
|a QA76.9.D3 B484 1997
|t 0
|l Remote Storage
|